• 首页
  • 本馆介绍
  • 公告通知
  • 最新文献
  • 馆藏检索
  • 电子资源
  • 读者导购
  • 参考咨询
  • 我的图书馆
  • 登录
  • 详细信息显示
  • 放入我的书架
  • 预约/预借图书
  • 作者相关作品
  • 分类相关作品
  • 丛书相关作品
  • 出版社相关作品

书目信息

  • 表格格式
  • 工作单格式
  • 卡片格式
题名:
结构优化设计方法
    
 
作者: 陶全心 , 李著景 编
分册:  
出版信息: 北京   清华大学出版社  1985
页数: 172页
开本: 26cm
丛书名:
单 册:
中图分类: TU318
科图分类:
主题词: 建筑结构--理论 , 建筑结构--结构计算
电子资源:
ISBN:
000 00712nam0 2200265 45
001 0185020684
005 20040514101126.8
010    @dCNY2.00
091    @a15235.178
100    @a19900923d1985 em y0chiy0121 ea
101 0  @achi
102    @aCN@b110000
105    @ay z 000yy
106    @ar
200 10 @a结构优化设计方法@Ajie gou you hua she ji fang fa@f陶全心, 李著景编
210    @a北京@c清华大学出版社@d1985
215    @a172页@d26cm
606 0  @a建筑结构@x理论
606 0  @a建筑结构@x结构计算
690    @aTU318
701  0 @a陶全心@Atao quan xin@4编
701  0 @a李著景@Ali zhu jing@4编
801  0 @aCN@b深圳图书馆@c20040514
801  2 @aCN@bNLC@c20040514
905    @f1@b141685@dTU318@e114
    
    结构优化设计方法/陶全心, 李著景编.-北京:清华大学出版社,1985
    172页;26cm
    
    
    ISBN :CNY2.00
    
●
相关链接 在E读中查询图书 在五车中查询图书 在当当中查询图书 在豆瓣中查询图书


正题名:结构优化设计方法     索取号:TU318/114         预约/预借

序号 登录号 条形码 馆藏地/架位号 状态 备注
1 0141685   001484496   第三借阅区/ [索取号:TU318/114] 在馆    
2 0141686   001484502   第二样本阅览室/ [索取号:TU318/114] 在馆    
唐山师范学院图书馆 欢迎您!
大连网信软件有限公司© 版权所有